| 000 | 00619nam a2200217Ia 4500 | ||
|---|---|---|---|
| 001 | 21063 | ||
| 003 | DO-CoUTE | ||
| 005 | 20260204212544.0 | ||
| 008 | 220104s9999 dr 000 0 spa d | ||
| 040 |
_aDO-CoUTE _bspa _cDO-CoUTE |
||
| 041 | 0 | _aspa | |
| 082 | _aRD 900 S237d | ||
| 100 | 1 | _aDe los Santos, Danilo | |
| 245 | 1 | 0 | _aEl desarrollo regional de bonao: Realidad y Futuro / Danilo De los santos |
| 260 | _aSantiago, República Dominicana : UCMM | ||
| 300 | _a147 páginas | ||
| 500 | _aColección estudios | ||
| 942 |
_2ddc _cBK |
||
| 999 |
_c20431 _d20431 |
||